000 00370nam a2200133Ia 4500
005 20260326100025.0
008 260326s9999||||xx |||||||||||||| ||und||
100 _aFlores Marini, Carlos
245 0 _aApuntes sobre Arquitectura /
_cCarlos Flores Marini
260 _bInstituto Nacional de Bellas Artes
300 _a119 p.
650 _aARQUITECTURA-GENERAL
942 _cBK
999 _c6351
_d6351